Political sociology (Record no. 4039)

MARC details
000 -LEADER
fixed length control field 00530cam a2200193ua 4500
008 - FIXED-LENGTH DATA ELEMENTS--GENERAL INFORMATION
fixed length control field 111220n ii |||gr||||Z||||||eng
040 ## - CATALOGING SOURCE
Transcribing agency MAIN
082 ## - DEWEY DECIMAL CLASSIFICATION NUMBER
Classification number 306.2
100 1# - MAIN ENTRY--PERSONAL NAME
Personal name Sharma, R. N.,
245 11 - TITLE STATEMENT
Title Political sociology
Statement of responsibility, etc. by R. N. Sharma
250 ## - EDITION STATEMENT
Edition statement 1st.
260 ## - PUBLICATION, DISTRIBUTION, ETC.
Place of publication, distribution, etc. Bombay:
Name of publisher, distributor, etc. Media promoters &publishers pvt. ltd.,997.
300 ## - PHYSICAL DESCRIPTION
Extent 420p:
Dimensions 23cm.
700 1# - ADDED ENTRY--PERSONAL NAME
Personal name Sharma, R. K.,
Relator term
942 ## - ADDED ENTRY ELEMENTS (KOHA)
Koha item type Books
100 1# - MAIN ENTRY--PERSONAL NAME
Fuller form of name (Ram Nath Sharma).
653 ## - INDEX TERM--UNCONTROLLED
Uncontrolled term Sociology
653 ## - INDEX TERM--UNCONTROLLED
Uncontrolled term Political sociology
700 1# - ADDED ENTRY--PERSONAL NAME
Fuller form of name (Rajendra K. Sharma).
Holdings
Withdrawn status Lost status Damaged status Not for loan Home library Current library Shelving location Date acquired Total Checkouts Full call number Barcode Date last seen Date last checked out Copy number Price effective from Koha item type
        Central Library, Naharkatiya College Central Library, Naharkatiya College General Stacks 19/09/2020 2 306.2 | SHA 20436 02/09/2023 27/06/2023 1 19/09/2020 Books

Naharkatiya College © 2020. All rights reserved.

Powered By